| 000 | 01271nam a2200289 i 4500 | ||
|---|---|---|---|
| 001 | 184524 | ||
| 003 | ES-MaACL | ||
| 005 | 20231119162239.0 | ||
| 008 | 151007m20102013sp a |||| | spa d | ||
| 020 | _a978-84-87369-46-9 (v. 1) | ||
| 080 | _a930.25(460) | ||
| 245 | 0 | 0 |
_aTestigos de la Historia _b: estudios sobre fuentes documentales / _c[v.1] coordinado por Florentina Vidal Galache ; Antonia Durán Herrera ... [et al.] ; [v. 2] coordinado por María Concepción Ybarra Enríquez de la Orden ; Alicia Alted Vigil ... [et al.]. |
| 250 | _a1ª reimp. | ||
| 260 |
_a[Madrid] : _bFundación Carlos de Amberes, _c2010-2013. |
||
| 300 |
_a2 v. (214, 215 p.) : _bil. ; _c24 cm. |
||
| 504 | _aReferencias bibliográficas. | ||
| 650 | 7 |
_aRecursos archivísticos- _zEspaña. _9157851 |
|
| 651 | 4 |
_aEspaña- _xHistoria- _vFuentes. _98345 |
|
| 700 | 1 |
_aDurán Herrera, María Antonia. _9157853 |
|
| 700 | 1 |
_aAlted Vigil, Alicia. _920528 |
|
| 700 | 1 |
_aVidal Galache, Florentina. _9157066 |
|
| 700 | 1 |
_aYbarra Enríquez de la Orden, María Concepción. _9157852 |
|
| 852 |
_aES-MaACL _jA-13575 _pv.1 _9191523 _bR.150739 _cDEPO1 _dOlim: N-6575 |
||
| 852 |
_aES-MaACL _jA-13576 _pv.2 _9200860 _b150740 _cDEPO1 _dOlim: N-6576 |
||
| 942 |
_2udc _cMONOGRAFIA |
||
| 999 |
_c184524 _d184524 |
||